000 00679nam a2200193 i 4500
001 86755
003 ES-MaACL
005 20230906175523.0
007 t|
008 041215s1968 sp ||||1| spa d
100 1 _aKleinsasser, O.
_968233
245 1 0 _aMicrolaringoscopia y microcirugía endolaringea
_b: técnica y atlas de imágenes típicas /
_cpor O. Kleinsasser ; prefacio L. Seiferth ; versión Jorge Perelló.
260 _aBarcelona, etc. :
_bCientífico Médica,
_c1968.
300 _aXII, 128 p., 15 lám. :
_bil. ;
_c25 cm.
700 1 _aSeiferth, L.
_9105256
700 1 _aPerello, Jorge.
_9199715
852 _aES-MaACL
_jC-34912
_bR.67930
999 _c86755
_d86755